zpět

Detail výsledku týmu

Záležitost - Žižkov, Praha

Datum a čas kvízu

20 Celkem bodů Celkový počet nahraných bodů na tomto kvízu bez doplňovacích otázek.
9. Pořadí na kvízu Konečné umístění týmu na tomto kvízu.

Zaznamenané odpovědi

# Otázka Odpověď Body Výsledky
1. Minulý týden prezident podepsa... atentát na Heydricha, odchod okupačních vojsk 0
2. V Saúdské Arábii byla ve střed... havarijní pojištění 0
3. Ve čtvrtek vstoupil do českých... Vyšehrad: Fylm 1
4. Vítězem prestižních anket Svět... Hyundai Ioniq (5) 1
5. Bývalá světová tenisová jednič... Kim Clijstersová 1
6. V dalším díle této tematické s... dračinec 0
7. Tato dvě africká zvířátka jsou... včel 0
8. Tento živočich je typickou koč... serval 0
9. Tato rostlina je významná hlav... kadidlo 0
10. Tento obyvatel subsaharské Afr... hrabáč 0